Doll House (All Lyrics) - Del Water Gap - Statistics

General Stats
  • This quiz has been taken 13 times
  • The average score is 255 of 265
Answer Stats
Answer % Correct
a
100%
A
100%
all
100%
And
100%
and
100%
As
100%
at
100%
be
100%
because
100%
Blow
100%
break
100%
call
100%
can
100%
climb
100%
color
100%
could
100%
doll
100%
don't
100%
enough
100%
fallout
100%
freedom
100%
from
100%
happens
100%
hard
100%
hit
100%
home
100%
house
100%
human
100%
"I
100%
I
100%
if
100%
If
100%
it
100%
It
100%
It's
100%
just
100%
leave
100%
life,
100%
light
100%
love
100%
me,
100%
me
100%
my
100%
need
100%
needed
100%
never
100%
not
100%
of
100%
Of
100%
on
100%
on"
100%
out"
100%
out
100%
own
100%
pain
100%
realize,
100%
reason
100%
rely
100%
ride
100%
right
100%
say,
100%
say
100%
small,
100%
somebody
100%
someone
100%
take
100%
talking
100%
that's
100%
That's
100%
the
100%
they
100%
time,
100%
time
100%
to
100%
told
100%
tonight"
100%
up
100%
wall,
100%
walls
100%
what
100%
when
100%
worse
100%
Yeah
100%
You
100%
you
100%
your
100%
you're
100%
But
67%
feeling
67%
figure
67%
hold
67%
I'll
67%
instead
67%
line
67%
losing
67%
mind
67%
Ooh,
67%
ooh,
67%
ooh
67%
tell
67%
They'll
67%
Think
67%
while
67%
maybe
33%
minimize
33%
No matching quizzes found
Score Distribution
Percent of People with Each Score
Percentile by Number Answered
Your Score History
You have not taken this quiz